Light for visual artists : understanding and using light in art & design

Bibliographic Details
Main Author: Yot, Richard
Format: Book
Published: London : Laurence King Publishing Ltd , 2020
Edition:2nd ed
Subjects:

MARC

LEADER 00000cam a2200000 7i4500
001 0000278140
005 20201222153520.0
020 |a 9781786274519 
090 0 0 |a 701.8   |b YOT 
100 1 |a Yot, Richard 
245 1 0 |a Light for visual artists :   |b understanding and using light in art & design   |c Richard Yot 
250 |a 2nd ed 
260 |a London :   |b Laurence King Publishing Ltd ,   |c 2020 
300 |a 176p. ;   |c 28cm. 
650 0 |a Light 
650 0 |a Light in art 
999 |a 00384650   |b BUKU   |c PINJAMAN   |e PERPUSTAKAAN KOMUNITI PETALING JAYA